ბათუმის შოთა რუსთაველის სახელმწიფო უნივერსიტეტის ბიბლიოთეკა

ქართული ენა (სინტაქსი, პუნქტუაცია, მეტყველების განვითარება, ძველი ქართული ენა) : (ბიბ.ჩანაწერი № 53391)

000 -ლიდერი
ფიქსირებული სიგრძის საკონტროლო ველი 01499nam a2200301Ia 4500
001 - საკონტროლო ნომერი
საკონტროლო ველი 20434
003 - საკონტროლო ნომრის იდენტიფიკატორი
საკონტროლო ველი GE_BSU
005 - ბოლო ოპერაციის თარიღი და დრო
საკონტროლო ველი 20220407102637.0
008 - ფიქსირებული სიგრძის მონაცემთა ელემენტები - ზოგადი ინფორმაცია
ფიქსირებული სიგრძის საკონტროლო ველი 181216s1990||||ge |||||||||||||| ||geo||
040 ## - კატალოგიზაციის წყარო
Transcribing agency GE_BSU
041 ## - ენის კოდი
Language code of text/sound track or separate title geo
080 ## - უნივერსალური ათობითი კლასიფიკაციის ინდექსი
Universal Decimal Classification number 811.353.1-8(075.3) შ-21
100 ## - მთავარი ჩანაწერი - პიროვნების სახელი
Personal name შანიძე, აკაკი
9 (RLIN) 9837
245 ## - ცნობა სათაურის შესახებ
Title ქართული ენა (სინტაქსი, პუნქტუაცია, მეტყველების განვითარება, ძველი ქართული ენა) :
Remainder of title მე-9 კლ. სახელმძღვანელო /
Statement of responsibility, etc აკაკი შანიძე, ლევან კვაჭაძე ; რედ. ე. პოლოლიკაშვილი.
250 ## - გამოცემის ცნობა
Edition statement მე-3 გამოცემა
264 ## - წარმოების, გამოცემის, დისტრიბუციის და სხვა ცნობები
გამოცემის, წარმოების, დისტრიბუციის... ადგილი თბილისი :
გამოცემის, წარმოების, დისტრიბუციის... სახელწოდება განათლება,
გამოცემის, წარმოების, დისტრიბუციის... თარიღი 1990.
300 ## - ფიზიკური აღწერა
Extent 96 გვ. ; 21 სმ..
653 ## - INDEX TERM--UNCONTROLLED
Uncontrolled term მე-9 კლ. სახელმძღვანელო
653 ## - INDEX TERM--UNCONTROLLED
Uncontrolled term ქართული ენა
653 ## - INDEX TERM--UNCONTROLLED
Uncontrolled term სინტაქსი
653 ## - INDEX TERM--UNCONTROLLED
Uncontrolled term პუნქტუაცია
653 ## - INDEX TERM--UNCONTROLLED
Uncontrolled term მეტყველების განვითარება
653 ## - INDEX TERM--UNCONTROLLED
Uncontrolled term ძველი ქართული ენა
700 ## - ADDED ENTRY--PERSONAL NAME
Personal name კვაჭაძე, ლევან
Relator term ავტორი
9 (RLIN) 9838
700 ## - ADDED ENTRY--PERSONAL NAME
Personal name პოლოლიკაშვილი, ე
Relator term რედაქტორი
9 (RLIN) 4959
942 ## - ADDED ENTRY ELEMENTS (KOHA)
Koha item type წიგნი
Source of classification or shelving scheme
ეგზემპლარები
ჩამოწერის სტატუსი დაკარგული ეგზემპლარის სტატუსი კლასიფიკაციის წყარო ან თაროზე გაწყობის სქემა დაზიანების სტატუსი არ გაიცემა მუდმივი მდებარეობა (დაცვის ადგილი) ამჟამინდელი ადგილსამყოფელი თაროზე განთავსების ადგილი შეძენის თარიღი ღირებულება, შესყიდვის ნორმალური ფასი სრული შენახვის შიფრი შტრიხკოდი ბოლო ოპერაციის თარიღი ეგზემპლარის მიმდევრობითი ნომერი (კეტერი?) ფასის ძალაში შესვლის თარიღი ეგზემპლარის სახეობა საჯარო შენიშვნა
          ბათუმის შოთა რუსთაველის სახელმწიფო უნივერსიტეტის მთავარი ბიბლიოთეკა ბათუმის შოთა რუსთაველის სახელმწიფო უნივერსიტეტის მთავარი ბიბლიოთეკა წიგნსაცავი 2018-12-17 0.30 811.353.1-8(075.3) შ-21 53424 2018-12-17 53424 2018-12-17 წიგნი 0.30 ლ.
          ბათუმის შოთა რუსთაველის სახელმწიფო უნივერსიტეტის მთავარი ბიბლიოთეკა ბათუმის შოთა რუსთაველის სახელმწიფო უნივერსიტეტის მთავარი ბიბლიოთეკა წიგნსაცავი 2018-12-17 0.30 811.353.1-8(075.3) შ-21 53425 2018-12-17 53425 2018-12-17 წიგნი 0.30 ლ.
          ბათუმის შოთა რუსთაველის სახელმწიფო უნივერსიტეტის მთავარი ბიბლიოთეკა ბათუმის შოთა რუსთაველის სახელმწიფო უნივერსიტეტის მთავარი ბიბლიოთეკა წიგნსაცავი 2018-12-17 0.30 811.353.1-8(075.3) შ-21 53426 2018-12-17 53426 2018-12-17 წიგნი 0.30 ლ.